000 00509nam a2200181Ia 4500
003 GCL
008 140319s9999 xx 000 0 ara d
040 _aGCL /
_cGCL
082 0 4 _a214
_bم ا
100 1 _aمحمد عمارة
245 1 0 _aالاسلام والثورة /
_cمحمد عمارة
260 _aالقاهرة :
_bدار الشروق ،
_c1988
300 _a283 ص ؛
_c19 سم
490 _a
650 0 4 _aالاسلام
650 0 4 _aالثقافة الاسلامية
942 _2ddc
_cBK
999 _c34953
_d34953